[Event "Windsor NAYCC U16-U18 Girls"]
[Site "Windsor"]
[Date "2016.08.08"]
[Round "3.20"]
[White "Qiao, Cindy"]
[Black "Matus, Nastassja A"]
[Result "0-1"]
[WhiteElo "1699"]
[BlackElo "1806"]
[PlyCount "80"]
[EventDate "2016.08.07"]
[EventType "swiss"]
[EventRounds "9"]
[EventCountry "CAN"]
[SourceTitle "EXT 2022"]
[Source "ChessBase"]
[SourceDate "2021.10.06"]
[SourceVersion "1"]
[SourceVersionDate "2021.10.06"]
[SourceQuality "1"]

1. e4 c5 2. Nf3 e6 3. d4 cxd4 4. Nxd4 Nc6 5. Nc3 Qc7 6. Be3 a6 7. a4 Nf6 8. Nb3 Bb4 9. Bd3 d5 10. exd5 Nxd5 11. Bd2 Nxc3 12. Bxc3 Bxc3+ 13. bxc3 Qe5+ 14. Qe2 Qxc3+ 15. Qd2 Qe5+ 16. Qe2 0-0 17. 0-0 Qxe2 18. Bxe2 e5 19. Bf3 Bf5 20. Bxc6 bxc6 21. Na5 c5 22. Rfe1 f6 23. Re2 Rab8 24. c3 Bd3 25. Rd2 c4 26. Nc6 Rb3 27. Nb4 Rxc3 28. Nxa6 Ra8 29. Nc5 Ra5 30. Nb7 Rxa4 31. Rad1 e4 32. Nc5 Ra5 33. Nxd3 Rxd3 34. Kf1 c3 35. Rxd3 exd3 36. Ke1 Re5+ 37. Kf1 c2 38. Ra1 d2 39. Ra8+ Kf7 40. Ra7+ Kg6 0-1

[Event "Pan American-ch U12 Girls 27th"]
[Site "Montevideo"]
[Date "2016.07.31"]
[Round "9"]
[White "Romero Troncoso, Liset Anais"]
[Black "Matus, Nastassja A"]
[Result "0-1"]
[WhiteElo "1375"]
[BlackElo "1766"]
[PlyCount "106"]
[EventDate "2016.07.25"]
[EventType "swiss"]
[EventRounds "9"]
[EventCountry "URU"]
[SourceTitle "EXT 2017"]
[Source "ChessBase"]
[SourceDate "2016.10.25"]
[SourceVersion "1"]
[SourceVersionDate "2016.10.25"]
[SourceQuality "1"]

1. e4 e6 2. d3 d5 3. Nd2 Nf6 4. g3 dxe4 5. dxe4 Nc6 6. Ngf3 Bc5 7. Bg2 e5 8. 0-0 0-0 9. h3 Qe7 10. Re1 Rd8 11. Qe2 b6 12. Nb3 Nb4 13. Bg5 Ba6 14. c4 Nd3 15. Nxc5 bxc5 16. Red1 Bxc4 17. Ne1 Nxe1 18. Qxc4 Nxg2 19. Kxg2 Rd4 20. Rxd4 cxd4 21. Rc1 Qd6 22. Bxf6 gxf6 23. Qxc7 Qxc7 24. Rxc7 a5 25. Kf1 a4 26. Ke2 Rb8 27. Rc2 Kg7 28. Kd3 Kg6 29. f4 Kh5 30. fxe5 fxe5 31. Rf2 Kg6 32. Kc4 Rc8+ 33. Kd5 f6 34. Ke6 Kg7 35. g4 h6 36. h4 Rc6+ 37. Kd5 Rc1 38. b4 axb3 39. axb3 Rd1 40. Kc4 Re1 41. Kd3 Re3+ 42. Kc2 Rxe4 43. b4 Rxg4 44. b5 Kf7 45. b6 Rg8 46. Kd3 Rb8 47. Rb2 Ke6 48. Kc4 Kd6 49. Kb5 d3 50. Ka6 Kc6 51. b7 Rxb7 52. Rxb7 d2 53. Rb1 e4 0-1

[Event "Wch U10 Girls"]
[Site "Porto Carras"]
[Date "2015.11.05"]
[Round "11"]
[White "Eswaran, Aksithi"]
[Black "Matus, Nastassja A"]
[Result "0-1"]
[WhiteElo "1473"]
[BlackElo "1761"]
[PlyCount "72"]
[EventDate "2015.10.25"]
[EventType "swiss"]
[EventRounds "11"]
[EventCountry "GRE"]
[SourceTitle "CBM 169 Extra"]
[Source "ChessBase"]
[SourceDate "2015.12.18"]
[SourceVersion "1"]
[SourceVersionDate "2015.12.18"]
[SourceQuality "1"]

1. e4 c5 2. Nf3 e6 3. d4 cxd4 4. Nxd4 Nc6 5. Nc3 Qc7 6. Nxc6 bxc6 7. Bd3 Nf6 8. 0-0 d5 9. exd5 cxd5 10. Bg5 Be7 11. Qf3 0-0 12. Rfe1 h6 13. Bh4 Bb7 14. Qe2 Rfe8 15. Nb5 Qb6 16. a4 a6 17. a5 Qc5 18. Nc3 Qb4 19. Ra4 Qc5 20. Bg3 e5 21. Qd2 d4 22. Ne4 Nxe4 23. Bxe4 Bxe4 24. c3 Qc6 25. Raa1 Bg5 26. Qe2 Bxg2 27. f4 Bf3 28. Qf2 exf4 29. Rxe8+ Rxe8 30. Rf1 Bh1 31. cxd4 f6 32. b3 fxg3 33. Qxg3 Be3+ 34. Rf2 Bxf2+ 35. Qxf2 Re1+ 36. Qxe1 Qg2# 0-1

[Event "Wch U10 Girls"]
[Site "Porto Carras"]
[Date "2015.11.02"]
[Round "8"]
[White "Can, Isil"]
[Black "Matus, Nastassja A"]
[Result "1-0"]
[WhiteElo "1795"]
[BlackElo "1761"]
[PlyCount "105"]
[EventDate "2015.10.25"]
[EventType "swiss"]
[EventRounds "11"]
[EventCountry "GRE"]
[SourceTitle "CBM 169 Extra"]
[Source "ChessBase"]
[SourceDate "2015.12.18"]
[SourceVersion "1"]
[SourceVersionDate "2015.12.18"]
[SourceQuality "1"]

1. e4 c5 2. Nf3 e6 3. d4 cxd4 4. Nxd4 Nc6 5. Nc3 Qc7 6. Be3 a6 7. a3 Nf6 8. Be2 Be7 9. 0-0 0-0 10. f4 d6 11. Kh1 Nxd4 12. Bxd4 e5 13. Be3 exf4 14. Bxf4 Bd7 15. Qe1 Bc6 16. Bf3 Nd7 17. Qg3 Ne5 18. Rad1 Rad8 19. Rd4 b5 20. Be2 Bf6 21. Bg5 Bxg5 22. Qxg5 Bb7 23. Rfd1 Rfe8 24. Qd2 Re6 25. Nd5 Bxd5 26. Rxd5 Nc4 27. Bxc4 Qxc4 28. e5 Qg4 29. h3 Qg3 30. Rxd6 Rexd6 31. exd6 Kf8 32. d7 Qc7 33. b3 f6 34. Qb4+ Kf7 35. Qd2 Ke7 36. Qe2+ Kf8 37. Qe6 h6 38. c4 bxc4 39. bxc4 a5 40. c5 Qe5 41. Qxe5 fxe5 42. c6 Ke7 43. Kg1 g5 44. Kf2 h5 45. Ke3 g4 46. hxg4 hxg4 47. Ke4 a4 48. Kxe5 g3 49. Kf4 Ke6 50. c7 Rxd7 51. c8Q Kf6 52. Rxd7 Ke6 53. Qc6# 1-0